000 00275nam a22001097a 4500
005 20260327102346.0
100 _aBiju, M.N.
245 _aMalinajalasamskkaranaplanttukal pravarthippikkumbol
260 _bRubber, 718(March): 11-13. 2026.
700 _aFrancis, T.
942 _cJS
999 _c75892
_d75892